[Event "ESP-ch 88th"]
[Site "Marbella"]
[Date "2023.10.14"]
[Round "2"]
[White "Martin Carmona, Gaston Manuel"]
[Black "Jaime Montalvan, Luis Felipe"]
[Result "1-0"]
[WhiteElo "2354"]
[BlackElo "1966"]
[PlyCount "87"]
[EventDate "2023.10.13"]
[EventType "swiss"]
[EventRounds "9"]
[EventCountry "ESP"]
[SourceTitle "CBM 216 Extra"]
[Source "ChessBase"]
[SourceDate "2023.11.30"]
[SourceVersion "1"]
[SourceVersionDate "2023.11.30"]
[SourceQuality "1"]

1. Nf3 d6 2. d4 g6 3. c4 Bg7 4. Nc3 Nd7 5. g3 e5 6. Bg2 Ne7 7. 0-0 0-0 8. dxe5 Nxe5 9. Nxe5 Bxe5 10. Bg5 Bg7 11. Qd2 f6 12. Bf4 g5 13. Be3 Nf5 14. Qd5+ Kh8 15. Bd2 Ne7 16. Qd3 Bf5 17. e4 Be6 18. Ne2 Nc6 19. f4 f5 20. Bc3 g4 21. b3 Bxc3 22. Qxc3+ Qf6 23. Qxf6+ Rxf6 24. e5 Rff8 25. exd6 cxd6 26. Rad1 Rad8 27. Nd4 Nxd4 28. Rxd4 Rd7 29. Re1 Re8 30. c5 d5 31. b4 Kg7 32. Re5 Kf6 33. Kf2 Red8 34. Ke3 b6 35. c6 Rd6 36. b5 a6 37. a4 axb5 38. axb5 Ra8 39. Bxd5 Ra3+ 40. Kf2 Bxd5 41. Rdxd5 Ra2+ 42. Ke3 Rxd5 43. Rxd5 Rxh2 44. c7 1-0

[Event "ESP-ch 88th"]
[Site "Marbella"]
[Date "2023.10.13"]
[Round "1"]
[White "Jaime Montalvan, Luis Felipe"]
[Black "Remolar Gallen, Jose"]
[Result "1/2-1/2"]
[WhiteElo "1966"]
[BlackElo "2329"]
[PlyCount "71"]
[EventDate "2023.10.13"]
[EventType "swiss"]
[EventRounds "9"]
[EventCountry "ESP"]
[SourceTitle "CBM 216 Extra"]
[Source "ChessBase"]
[SourceDate "2023.11.30"]
[SourceVersion "1"]
[SourceVersionDate "2023.11.30"]
[SourceQuality "1"]

1. d4 Nf6 2. c4 g6 3. Nc3 Bg7 4. e4 d6 5. Be2 0-0 6. Nf3 e5 7. 0-0 Nc6 8. d5 Ne7 9. Ne1 Nd7 10. Nd3 f5 11. f3 f4 12. b4 g5 13. c5 Nf6 14. a4 h5 15. Nf2 Rf7 16. a5 Bf8 17. Kh1 Rg7 18. Rg1 Ng6 19. c6 Rb8 20. b5 b6 21. axb6 axb6 22. Qa4 g4 23. Qa7 g3 24. Qxb8 Nxd5 25. Nxd5 Qh4 26. h3 gxf2 27. Qxc8 fxg1Q+ 28. Kxg1 Qe1+ 29. Bf1 Nh4 30. Qe6+ Kh7 31. Bxf4 Qxa1 32. Qh6+ Kg8 33. Qe6+ Kh8 34. Qh6+ Kg8 35. Qe6+ Kh7 36. Qh6+ 1/2-1/2

[Event "Merida World Heritage op 3rd"]
[Site "Merida"]
[Date "2023.08.01"]
[Round "3"]
[White "Jaime Montalvan, Luis Felipe"]
[Black "Macias Sanchez, Homero"]
[Result "0-1"]
[WhiteElo "1977"]
[BlackElo "1961"]
[PlyCount "66"]
[EventDate "2023.07.31"]
[EventType "swiss"]
[EventRounds "9"]
[EventCountry "ESP"]
[SourceTitle "CBM 215 Extra"]
[Source "ChessBase"]
[SourceDate "2023.09.30"]
[SourceVersion "1"]
[SourceVersionDate "2023.09.30"]
[SourceQuality "1"]

1. Nf3 Nf6 2. d4 g6 3. Bg5 Bg7 4. Nbd2 d5 5. e3 Nbd7 6. Bd3 0-0 7. 0-0 c5 8. c3 Qb6 9. Rb1 Re8 10. Qa4 Kf8 11. h3 e5 12. dxe5 Nxe5 13. Nxe5 Rxe5 14. Nf3 Re6 15. Qh4 h5 16. c4 Bd7 17. cxd5 Nxd5 18. Bc4 Nb4 19. Bxe6 Qxe6 20. Rfd1 Qxa2 21. Be7+ Kg8 22. Bxc5 Nc6 23. Nd4 b6 24. Ba3 Ne5 25. Rbc1 Ba4 26. Nc2 b5 27. Rd8+ Rxd8 28. Qxd8+ Kh7 29. Nb4 Qe6 30. Rc8 a5 31. Nd5 b4 32. Nf4 Qf5 33. e4 Qxf4 0-1

[Event "Benalmadena Rapid op 1st"]
[Site "Benalmadena"]
[Date "2023.02.26"]
[Round "4"]
[White "Jaime Montalvan, Luis Felipe"]
[Black "Lin, Ying Rui"]
[Result "0-1"]
[WhiteElo "1960"]
[BlackElo "2380"]
[PlyCount "78"]
[EventDate "2023.02.25"]
[EventType "swiss (rapid)"]
[EventRounds "9"]
[EventCountry "ESP"]
[SourceTitle "CBM 212 Extra"]
[Source "ChessBase"]
[SourceDate "2023.03.31"]
[SourceVersion "1"]
[SourceVersionDate "2023.03.31"]
[SourceQuality "1"]

1. d4 Nf6 2. c4 g6 3. Nc3 d5 4. h4 c6 5. cxd5 cxd5 6. Bg5 Bg7 7. Qb3 Nc6 8. e3 e6 9. h5 h6 10. Bxf6 Qxf6 11. hxg6 fxg6 12. Nf3 0-0 13. 0-0-0 a5 14. Kb1 Bd7 15. Bb5 a4 16. Bxa4 Na5 17. Qb4 Bxa4 18. Qxa4 Nc4 19. Qc2 b5 20. Nxb5 Rfb8 21. a4 Rc8 22. Qb3 Na5 23. Qd3 Nc6 24. Rc1 Nb4 25. Rxc8+ Rxc8 26. Qd2 Qf5+ 27. Ka1 Nc2+ 28. Ka2 Bf8 29. Rc1 Nb4+ 30. Ka1 Nc2+ 31. Ka2 Rc4 32. b3 Nb4+ 33. Ka1 Rxc1+ 34. Qxc1 Qd3 35. Qb1 Qe2 36. Nc3 Nc2+ 37. Ka2 Qxf2 38. Qb2 Ba3 39. Qb1 Qxg2 0-1

[Event "Malaga op 16th"]
[Site "Malaga"]
[Date "2022.10.31"]
[Round "7"]
[White "Jaime Montalvan, Luis Felipe"]
[Black "Alvarez Sanchez, David"]
[Result "0-1"]
[WhiteElo "1961"]
[BlackElo "1828"]
[PlyCount "46"]
[EventDate "2022.10.27"]
[EventType "swiss"]
[EventRounds "9"]
[EventCountry "ESP"]
[SourceTitle "EXT 2024"]
[Source "ChessBase"]
[SourceDate "2023.10.10"]
[SourceVersion "1"]
[SourceVersionDate "2023.10.10"]
[SourceQuality "1"]

1. c4 Nf6 2. Nc3 e6 3. d4 Bb4 4. Qb3 c5 5. dxc5 Nc6 6. Nf3 Ne4 7. Bd2 Nxd2 8. Nxd2 0-0 9. e3 Bxc5 10. Nde4 Be7 11. 0-0-0 a6 12. c5 Rb8 13. Na4 b6 14. cxb6 d5 15. Be2 Bd7 16. Nec3 Na5 17. Qc2 Bxa4 18. Qxa4 Qxb6 19. Rd2 Rfc8 20. Rc2 Nc4 21. Nd1 Nxb2 22. Qxa6 Rxc2+ 23. Kxc2 Qc7+ 0-1

[Event "Malaga op 15th"]
[Site "Malaga"]
[Date "2021.10.30"]
[Round "3"]
[White "Jaime Montalvan, Luis Felipe"]
[Black "Gomez Arce, Alejandro"]
[Result "0-1"]
[WhiteElo "2028"]
[BlackElo "1813"]
[PlyCount "66"]
[EventDate "2021.10.29"]
[EventType "swiss"]
[EventRounds "7"]
[EventCountry "ESP"]
[SourceTitle "CBM 204 Extra"]
[Source "ChessBase"]
[SourceDate "2021.11.30"]
[SourceVersion "1"]
[SourceVersionDate "2021.11.30"]
[SourceQuality "1"]

1. Nf3 g6 2. g3 Bg7 3. Bg2 d6 4. 0-0 e5 5. d3 Ne7 6. c4 0-0 7. Nc3 Nbc6 8. Rb1 f5 9. Bd2 h6 10. b4 g5 11. b5 Nb8 12. Ne1 Nd7 13. e3 f4 14. Kh1 Nf5 15. exf4 gxf4 16. gxf4 exf4 17. Nd5 Nh4 18. Nxf4 Nxg2 19. Nexg2 Nc5 20. Nh5 Bf5 21. Nxg7 Kxg7 22. Bc3+ Kh7 23. Nf4 Qh4 24. Rg1 Rg8 25. Qh5 Be4+ 26. dxe4 Qxf4 27. f3 Nxe4 28. Bd4 Ng5 29. Rbe1 Qxd4 30. h4 Ne6 31. Qf5+ Kh8 32. Rxg8+ Rxg8 33. Qh5 Qg7 0-1

[Event "Casabermeja op"]
[Site "Casabermeja"]
[Date "2021.09.10"]
[Round "3"]
[White "Gonzalez Castillo, Jose Javier"]
[Black "Jaime Montalvan, Luis Felipe"]
[Result "0-1"]
[WhiteElo "1807"]
[BlackElo "2047"]
[PlyCount "100"]
[EventDate "2021.09.09"]
[EventType "swiss"]
[EventRounds "7"]
[EventCountry "ESP"]
[SourceTitle "CBM 204 Extra"]
[Source "ChessBase"]
[SourceDate "2021.11.30"]
[SourceVersion "1"]
[SourceVersionDate "2021.11.30"]
[SourceQuality "1"]

1. e4 c5 2. d4 cxd4 3. c3 dxc3 4. Nxc3 Nc6 5. Bc4 e6 6. Nf3 Nf6 7. e5 d5 8. exf6 dxc4 9. Qe2 gxf6 10. Qxc4 Bd7 11. Be3 Nb4 12. Qe2 Bc6 13. Rd1 Qa5 14. 0-0 Rg8 15. a3 Qh5 16. Ne1 Qxe2 17. Nxe2 Bb5 18. Rd2 Rd8 19. Nf3 Rxd2 20. Nxd2 Nc2 21. Ne4 Nxe3 22. Nxf6+ Kd8 23. fxe3 Bxe2 24. Rf2 Rg6 25. Nxh7 Be7 26. Rxf7 Bh5 27. Rf4 Rh6 28. Nf8 Ke8 29. g4 Bf7 30. Nd7 Bg5 31. Rf3 Bxe3+ 32. Rxe3 Kxd7 33. Rd3+ Ke7 34. Rc3 Kd6 35. Rd3+ Kc7 36. Rc3+ Kb8 37. Rf3 Rh7 38. g5 Bg6 39. Rf6 Rg7 40. Rxe6 Bf7 41. Re5 Kc7 42. Kf2 Kd6 43. Ra5 Bd5 44. h4 b6 45. Ra4 Ke5 46. Kg3 Be4 47. Rb4 Rd7 48. h5 Bf5 49. g6 Rd3+ 50. Kh4 Kf6 0-1

[Event "Merida World Heritage op 1st"]
[Site "Merida"]
[Date "2021.08.08"]
[Round "8"]
[White "Jaime Montalvan, Luis Felipe"]
[Black "Silva, Jose Lucas Ferreira"]
[Result "1-0"]
[WhiteElo "2042"]
[BlackElo "1455"]
[PlyCount "65"]
[EventDate "2021.08.04"]
[EventType "swiss"]
[EventRounds "9"]
[EventCountry "ESP"]
[SourceTitle "EXT 2023"]
[Source "ChessBase"]
[SourceDate "2022.10.05"]
[SourceVersion "1"]
[SourceVersionDate "2022.10.05"]
[SourceQuality "1"]

1. c4 c5 2. Nc3 Nc6 3. Nf3 g6 4. g3 Bg7 5. Bg2 e6 6. 0-0 Nge7 7. d3 d5 8. cxd5 exd5 9. Bf4 a6 10. Rc1 b5 11. e4 dxe4 12. Nxe4 0-0 13. Nxc5 Bf5 14. Nh4 Rc8 15. Nb7 Qb6 16. Nd6 Rcd8 17. Nhxf5 gxf5 18. Nxf5 Nxf5 19. Rxc6 Qa5 20. Bc7 Qxa2 21. Bxd8 Rxd8 22. Qa1 Qb3 23. Qxa6 Qxd3 24. Rc8 Bxb2 25. Be4 Qxe4 26. Rxd8+ Kg7 27. Qxb5 Bf6 28. Qd5 Qg4 29. Rd7 Qg6 30. Rxf7+ Qxf7 31. Qxf5 h5 32. Rd1 Kh6 33. Rd7 1-0

[Event "Merida World Heritage op 1st"]
[Site "Merida"]
[Date "2021.08.05"]
[Round "3"]
[White "Vara Del Bosque, Daniel"]
[Black "Jaime Montalvan, Luis Felipe"]
[Result "0-1"]
[WhiteElo "1680"]
[BlackElo "2042"]
[PlyCount "68"]
[EventDate "2021.08.04"]
[EventType "swiss"]
[EventRounds "9"]
[EventCountry "ESP"]
[SourceTitle "EXT 2023"]
[Source "ChessBase"]
[SourceDate "2022.10.05"]
[SourceVersion "1"]
[SourceVersionDate "2022.10.05"]
[SourceQuality "1"]

1. e4 e5 2. Nf3 d6 3. d4 Nd7 4. Bc4 Be7 5. 0-0 Ngf6 6. Bxf7+ Kxf7 7. Ng5+ Kg6 8. Qf3 Nf8 9. dxe5 dxe5 10. Qb3 Qe8 11. f4 exf4 12. e5 h6 13. exf6 Bc5+ 14. Kh1 hxg5 15. fxg7 Kxg7 16. Qc3+ Kg8 17. Qxc5 Qh5 18. Qg1 Bd7 19. Bxf4 gxf4 20. Rxf4 Bc6 21. Nd2 Ng6 22. Rf2 Ne5 23. Nf3 Nxf3 24. gxf3+ Kh7 25. Qg3 Rhg8 26. Qxc7+ Rg7 27. Qf4 Rf7 28. Qe3 Bxf3+ 29. Kg1 Rg8+ 30. Kf1 Qg4 31. Qd3+ Rg6 32. Ke1 Re7+ 33. Kd2 Qf4+ 34. Kc3 Re3 0-1

[Event "Seville op 46th"]
[Site "Seville"]
[Date "2021.07.04"]
[Round "7"]
[White "Jaime Montalvan, Luis Felipe"]
[Black "Cesar Maestre, Bernardo"]
[Result "0-1"]
[WhiteElo "2043"]
[BlackElo "2267"]
[PlyCount "52"]
[EventDate "2021.06.30"]
[EventType "swiss"]
[EventRounds "7"]
[EventCountry "ESP"]
[SourceTitle "CBM 203 Extra"]
[Source "ChessBase"]
[SourceDate "2021.09.30"]
[SourceVersion "1"]
[SourceVersionDate "2021.09.30"]
[SourceQuality "1"]

1. d4 d5 2. c4 e6 3. Nc3 c6 4. e3 Nf6 5. Nf3 Nbd7 6. Qc2 Bd6 7. b3 0-0 8. Be2 Qe7 9. 0-0 dxc4 10. bxc4 e5 11. Bb2 e4 12. Ng5 Re8 13. c5 Bc7 14. f3 exf3 15. Rxf3 h6 16. Nh3 Ng4 17. Bc4 Ndf6 18. e4 Nxh2 19. Rxf6 Qxf6 20. e5 Qh4 21. Kxh2 Qxd4 22. Na4 Bxe5+ 23. Kh1 Qh4 24. Qb3 Bxh3 25. gxh3 Qe4+ 26. Kg1 Bd4+ 0-1

[Event "ESP-ch 84th"]
[Site "Marbella"]
[Date "2019.11.23"]
[Round "8"]
[White "Zurano Lopez, Pedro"]
[Black "Jaime Montalvan, Luis Felipe"]
[Result "1-0"]
[WhiteElo "2292"]
[BlackElo "2167"]
[PlyCount "51"]
[EventDate "2019.11.16"]
[EventType "swiss"]
[EventRounds "9"]
[EventCountry "ESP"]
[SourceTitle "CBM 193 Extra"]
[Source "ChessBase"]
[SourceDate "2020.01.31"]
[SourceVersion "1"]
[SourceVersionDate "2020.01.31"]
[SourceQuality "1"]

1. Nf3 b6 2. e4 Bb7 3. Nc3 c5 4. d4 cxd4 5. Nxd4 a6 6. Be3 d6 7. Bc4 e6 8. a4 Nf6 9. f3 Nbd7 10. 0-0 Ne5 11. Bxe6 fxe6 12. Nxe6 Qd7 13. Nd5 Bxd5 14. exd5 Qb7 15. f4 Ned7 16. c4 Kf7 17. g4 Nc5 18. g5 Nxe6 19. dxe6+ Kxe6 20. gxf6 gxf6 21. f5+ Kf7 22. Qh5+ Ke7 23. Rae1 Rg8+ 24. Bg5+ Kd8 25. Qe8+ Kc7 26. Qf7+ 1-0

[Event "Gibraltar Masters 8th"]
[Site "Caleta"]
[Date "2010.01.26"]
[Round "1"]
[White "Jaime Montalvan, Luis Felipe"]
[Black "Flom, Gabriel"]
[Result "0-1"]
[WhiteElo "2183"]
[BlackElo "2411"]
[PlyCount "82"]
[EventDate "2010.01.26"]
[EventType "swiss"]
[EventRounds "10"]
[EventCountry "GGB"]
[SourceTitle "CBM 134 Extra"]
[Source "ChessBase"]
[SourceDate "2010.03.03"]
[SourceVersion "1"]
[SourceVersionDate "2010.03.03"]
[SourceQuality "1"]

1. d4 d5 2. c4 c6 3. Nf3 Nf6 4. Nc3 e6 5. Bg5 Nbd7 6. cxd5 exd5 7. e3 Qa5 8. Bd3 Ne4 9. Qc2 Ndf6 10. Bxf6 Nxf6 11. h3 Bd6 12. 0-0 Qc7 13. Rac1 a6 14. e4 dxe4 15. Nxe4 Nxe4 16. Bxe4 g6 17. d5 c5 18. b4 b6 19. bxc5 bxc5 20. Nd2 0-0 21. Nc4 Re8 22. Nxd6 Qxd6 23. Bf3 Qf4 24. Qc4 Qf6 25. Qc3 Qf4 26. Qc4 Qf6 27. Rc3 Bd7 28. Rfc1 Rac8 29. Qb3 h5 30. Qa3 Qd6 31. Qa5 Bb5 32. R3c2 Re5 33. a4 Bd7 34. Rxc5 Rce8 35. Qb4 Qf6 36. R5c3 Re1+ 37. Kh2 a5 38. Qc4 Qe5+ 39. g3 Qf5 40. Bg2 Qxf2 41. Qc5 R8e3 0-1

[Event "Malaga op 11th"]
[Site "Malaga"]
[Date "2008.02.29"]
[Round "8"]
[White "Paunovic, Dragan"]
[Black "Jaime Montalvan, Luis Felipe"]
[Result "1-0"]
[WhiteElo "2522"]
[BlackElo "2170"]
[PlyCount "85"]
[EventDate "2008.02.23"]
[EventType "swiss"]
[EventRounds "9"]
[EventCountry "ESP"]
[SourceTitle "CBM 123 Extra"]
[Source "ChessBase"]
[SourceDate "2008.05.06"]
[SourceVersion "1"]
[SourceVersionDate "2008.05.06"]
[SourceQuality "1"]

1. c4 Nf6 2. Nf3 c5 3. g3 b6 4. Bg2 Bb7 5. 0-0 e6 6. Nc3 Be7 7. d4 cxd4 8. Qxd4 d6 9. Bg5 a6 10. Bxf6 Bxf6 11. Qf4 Qc7 12. Rfd1 Be7 13. Ne4 Bxe4 14. Qxe4 Ra7 15. Nd4 0-0 16. Rac1 Rc8 17. Qe3 Bf8 18. b4 e5 19. Nf5 a5 20. a3 axb4 21. axb4 g6 22. Nh6+ Bxh6 23. Qxh6 Nc6 24. Qd2 Nd4 25. Qb2 Ra4 26. e3 Nc6 27. c5 dxc5 28. bxc5 Rb4 29. Qc3 b5 30. Bxc6 Rc4 31. Qb2 Qxc6 32. Rxc4 bxc4 33. Qxe5 Qb5 34. h4 h5 35. Rd6 Re8 36. Qd4 Qb3 37. c6 c3 38. Rd8 Rxd8 39. Qxd8+ Kg7 40. c7 Qb1+ 41. Kh2 Qf5 42. Qd4+ Kg8 43. e4 1-0

[Event "Gibraltar Masters"]
[Site "Gibraltar"]
[Date "2007.01.24"]
[Round "2"]
[White "Yarur Elsaca, Daniel"]
[Black "Jaime Montalvan, Luis Felipe"]
[Result "0-1"]
[WhiteElo "1913"]
[BlackElo "2206"]
[PlyCount "56"]
[EventDate "2007.01.23"]
[EventType "swiss"]
[EventRounds "9"]
[EventCountry "ENG"]
[SourceTitle "CBM 116 Extra"]
[Source "ChessBase"]
[SourceDate "2007.03.07"]
[SourceVersion "1"]
[SourceVersionDate "2007.03.07"]
[SourceQuality "1"]

1. d4 Nf6 2. Bg5 e6 3. Nf3 Be7 4. e3 b6 5. Nbd2 Bb7 6. Bd3 h6 7. Bf4 c5 8. c3 Nh5 9. Bg3 d6 10. Qe2 Nd7 11. 0-0 Qc7 12. b4 Nxg3 13. fxg3 0-0 14. Bc2 cxb4 15. Qd3 g6 16. cxb4 Rac8 17. Rac1 Qc3 18. Qe2 Qxb4 19. h4 Qb2 20. Qd1 Nf6 21. Nh2 Rc3 22. Rf2 Rfc8 23. Ne4 Bxe4 24. Bxe4 Rxc1 25. Rxb2 Rxd1+ 26. Kf2 Nxe4+ 27. Kf3 Rd2 28. Rxd2 Nxd2+ 0-1

[Event "Gibraltar Masters"]
[Site "Gibraltar"]
[Date "2007.01.23"]
[Round "1"]
[White "Jaime Montalvan, Luis Felipe"]
[Black "Coimbra, Margarida Goncalves"]
[Result "0-1"]
[WhiteElo "2206"]
[BlackElo "2061"]
[PlyCount "104"]
[EventDate "2007.01.23"]
[EventType "swiss"]
[EventRounds "9"]
[EventCountry "ENG"]
[SourceTitle "CBM 116 Extra"]
[Source "ChessBase"]
[SourceDate "2007.03.07"]
[SourceVersion "1"]
[SourceVersionDate "2007.03.07"]
[SourceQuality "1"]

1. e4 e5 2. Nf3 Nc6 3. d4 exd4 4. Nxd4 Bc5 5. Be3 Qf6 6. c3 Nge7 7. Bc4 Ne5 8. Be2 Qg6 9. 0-0 d6 10. Nb5 Bh3 11. Bf3 0-0-0 12. Re1 a6 13. Nd4 d5 14. Nd2 Bb6 15. Kh1 Nxf3 16. Qxf3 Bg4 17. Qf4 dxe4 18. Qxe4 Qxe4 19. Nxe4 Nd5 20. h3 Nxe3 21. Rxe3 Bh5 22. Rg3 Bxd4 23. cxd4 Rxd4 24. Re1 Bg6 25. Rge3 Rhd8 26. Ng5 Rd1 27. Nf3 Rxe1+ 28. Rxe1 f6 29. Kh2 Re8 30. Kg3 Rxe1 31. Nxe1 Kd7 32. Kf4 Kd6 33. g4 Kd5 34. Ke3 Bb1 35. a3 Kc4 36. Kd2 c5 37. Ng2 Be4 38. Nf4 g6 39. h4 Bf3 40. g5 fxg5 41. hxg5 Bg4 42. f3 Bxf3 43. Ne6 Bd5 44. Nf8 Kb3 45. Kc1 c4 46. Nd7 c3 47. Nc5+ Kc4 48. Nd7 Be6 49. Nf6 Bf5 50. Ne8 Kb3 51. bxc3 Kxc3 52. Nd6 b6 0-1

[Event "Gibraltar Masters"]
[Site "Gibraltar"]
[Date "2006.01.25"]
[Round "2"]
[White "Jaime Montalvan, Luis Felipe"]
[Black "Kuenitz, Klaus"]
[Result "1-0"]
[WhiteElo "2242"]
[BlackElo "1901"]
[PlyCount "45"]
[EventDate "2006.01.24"]
[EventType "swiss"]
[EventRounds "10"]
[EventCountry "ENG"]
[SourceTitle "CBM 110 Extra"]
[Source "ChessBase"]
[SourceDate "2006.03.10"]
[SourceVersion "2"]
[SourceVersionDate "2006.03.10"]
[SourceQuality "1"]

1. d4 d5 2. c4 c6 3. Nf3 e6 4. Nc3 dxc4 5. g3 Nf6 6. Bg2 Bb4 7. 0-0 Bxc3 8. bxc3 Nbd7 9. a4 Qa5 10. Qc2 0-0 11. Nd2 Nb6 12. Ba3 Re8 13. Bb4 Qh5 14. a5 Nbd5 15. Nxc4 Nxb4 16. cxb4 e5 17. Nxe5 Bh3 18. Bf3 Qh6 19. Rfd1 Rad8 20. a6 Nd5 21. axb7 Nxb4 22. Qc4 Nd5 23. Nxc6 1-0

[Event "Malaga-ch"]
[Site "Malaga"]
[Date "2005.01.29"]
[Round "3"]
[White "Pedraza Fernandez, Miguel Angel"]
[Black "Jaime Montalvan, Luis Felipe"]
[Result "1-0"]
[WhiteElo "1960"]
[BlackElo "2244"]
[PlyCount "105"]
[EventDate "2005.01.22"]
[EventType "swiss"]
[EventRounds "9"]
[EventCountry "ESP"]
[SourceTitle "CBM 105 Extra"]
[Source "ChessBase"]
[SourceDate "2005.05.01"]
[SourceVersion "1"]
[SourceVersionDate "2005.05.01"]
[SourceQuality "1"]

1. Nf3 Nf6 2. d4 g6 3. e3 Bg7 4. Bd3 d6 5. 0-0 0-0 6. b3 c6 7. Bb2 Qc7 8. c4 Nbd7 9. e4 e5 10. d5 Nc5 11. Nc3 Nxd3 12. Qxd3 Ne8 13. dxc6 bxc6 14. Rad1 Bf6 15. Ba3 Be7 16. Qe3 Qa5 17. Qc1 Qc7 18. Qh6 f6 19. h4 Rf7 20. Rd3 Bg4 21. Qd2 Bf8 22. Nh2 Be6 23. Rd1 a6 24. Nf1 f5 25. Rf3 f4 26. Nh2 h5 27. g3 c5 28. Nd5 Qd8 29. Rd3 g5 30. Nf3 Bh6 31. Nxg5 Bxg5 32. hxg5 Qxg5 33. Kf1 Rg7 34. Qc3 h4 35. Kg2 Raa7 36. Rh1 hxg3 37. fxg3 Raf7 38. Bc1 Qg6 39. Qe1 Bg4 40. Kg1 fxg3 41. Rh6 g2 42. Rxg6 Rf1+ 43. Qxf1 gxf1Q+ 44. Kxf1 Rxg6 45. Ne7+ Kf7 46. Nxg6 Kxg6 47. Rg3 Kh5 48. Kf2 Ng7 49. Be3 Ne6 50. Rg1 Nf4 51. Bxf4 exf4 52. Rh1+ Kg6 53. Rh8 1-0

[Event "Malaga-ch"]
[Site "Malaga"]
[Date "2005.01.23"]
[Round "2"]
[White "Jaime Montalvan, Luis Felipe"]
[Black "Gavilan Diaz, Mario"]
[Result "0-1"]
[WhiteElo "2244"]
[BlackElo "2078"]
[PlyCount "42"]
[EventDate "2005.01.22"]
[EventType "swiss"]
[EventRounds "9"]
[EventCountry "ESP"]
[SourceTitle "CBM 105 Extra"]
[Source "ChessBase"]
[SourceDate "2005.05.01"]
[SourceVersion "1"]
[SourceVersionDate "2005.05.01"]
[SourceQuality "1"]

1. e4 c5 2. Nf3 d6 3. d4 cxd4 4. Nxd4 Nf6 5. Nc3 a6 6. f3 Qb6 7. Nb3 e6 8. Qe2 Qc7 9. Be3 b5 10. g4 b4 11. Na4 Nbd7 12. g5 Nxe4 13. fxe4 Qc6 14. Bg2 Qxa4 15. 0-0 Ne5 16. Bd4 h6 17. Qf2 Qd7 18. Rad1 Qc7 19. Bxe5 dxe5 20. g6 f6 21. Qg3 a5 0-1

[Event "Malaga-chT final"]
[Site "Malaga"]
[Date "2004.02.08"]
[Round "1.1"]
[White "Jaime Montalvan, Luis Felipe"]
[Black "Valero Fuertes, Carlos"]
[Result "1-0"]
[WhiteElo "2224"]
[BlackElo "2099"]
[PlyCount "113"]
[EventDate "2004.02.08"]
[EventType "team-tourn"]
[EventRounds "3"]
[EventCountry "ESP"]
[SourceTitle "CBM 098 Extra"]
[Source "ChessBase"]
[SourceDate "2004.03.10"]
[SourceVersion "2"]
[SourceVersionDate "2004.03.10"]
[SourceQuality "1"]
[WhiteTeam "Team 1"]
[BlackTeam "Team 2"]
[WhiteTeamCountry "ESP"]
[BlackTeamCountry "ESP"]

1. d4 Nf6 2. c4 c5 3. d5 b5 4. cxb5 a6 5. bxa6 g6 6. Nc3 Bxa6 7. g3 d6 8. Bg2 Bg7 9. Nf3 0-0 10. 0-0 Nbd7 11. Rb1 Qa5 12. a4 Rab8 13. Bd2 Qc7 14. b3 Rb7 15. Qc2 Rfb8 16. Rfd1 Ng4 17. Be1 Nge5 18. Na2 Nxf3+ 19. Bxf3 Ne5 20. Bg2 h5 21. h3 Rc8 22. Nc3 Qd8 23. f4 Nd7 24. e3 Nf6 25. Ne4 Qd7 26. Nf2 Rbb8 27. Bf3 Rc7 28. e4 Qe8 29. g4 hxg4 30. hxg4 Ra7 31. g5 Nd7 32. Ng4 Bc8 33. Kg2 Nf8 34. Ne3 Qd7 35. Bg4 Qc7 36. Bxc8 Qxc8 37. Bc3 e5 38. f5 f6 39. gxf6 Bxf6 40. Rg1 Rg7 41. Kf3 Nh7 42. Rg3 Ng5+ 43. Ke2 Qa6+ 44. Qd3 Qxd3+ 45. Kxd3 c4+ 46. Nxc4 Nxe4 47. Rxg6 Rxg6 48. fxg6 Nc5+ 49. Kc2 Be7 50. a5 Ne4 51. b4 Nf6 52. Ne3 Bd8 53. b5 Ne4 54. b6 Bg5 55. Nc4 Bd8 56. a6 Nc5 57. a7 1-0